| 000 | 00680nam a2200241 a 4500 | ||
|---|---|---|---|
| 008 | |||
| 020 | _a007054879X (hbk.) | ||
| 049 | _aMAIN | ||
| 090 |
_aHB171.5 _bSAM |
||
| 100 | 1 | _aSamuelson, Paul A. | |
| 245 | 1 | 0 |
_aEconomics / _cPaul A. Samuelson and William D. Nordhaus. |
| 250 | _a14th ed. | ||
| 260 |
_aNew York : _bMcGraw-Hill, _c1992. |
||
| 300 |
_axlii, 784 p. : _bill. (some col.) ; _c25 cm. |
||
| 500 | _aIncludes index. | ||
| 650 | 0 | _aEconomics. | |
| 700 | 1 | _aNordhaus, William D. | |
| 907 |
_a.b10036751 _b23-07-13 _c17-04-03 |
||
| 003 | |||
| 005 | 20230123133914.0 | ||
| 040 | _cNUST | ||
| 942 |
_cBOOKS _kHB171.5 _mSAM |
||
| 999 |
_c156636 _d156636 |
||